[Event "ESP-ch U18"]
[Site "Salobrena"]
[Date "2015.07.30"]
[Round "6"]
[White "Bernal Gomez, Alejandro"]
[Black "Ruperez Benito, Antonio"]
[Result "1/2-1/2"]
[WhiteElo "2044"]
[BlackElo "2148"]
[PlyCount "78"]
[EventDate "2015.07.27"]
[EventType "swiss"]
[EventRounds "9"]
[EventCountry "ESP"]
[SourceTitle "EXT 2016"]
[Source "ChessBase"]
[SourceDate "2015.10.08"]
[SourceVersion "1"]
[SourceVersionDate "2015.10.08"]
[SourceQuality "1"]

1. e4 e6 2. d4 d5 3. Bd3 Nf6 4. e5 Nfd7 5. f4 c5 6. c3 g6 7. Nf3 Nc6 8. 0-0 Qb6 9. Bc2 Be7 10. Kh1 a5 11. a3 h5 12. Ra2 Qa7 13. Be3 b5 14. dxc5 Bxc5 15. Bxc5 Nxc5 16. Nd4 Qb6 17. Nxc6 Qxc6 18. Nd2 Ba6 19. b4 Nd7 20. Qb1 Ke7 21. Rf3 a4 22. Rd3 Rac8 23. Nf3 Rc7 24. Qe1 Rhc8 25. Nd4 Qb6 26. Bb1 Nb8 27. Qh4+ Ke8 28. Rc2 Nc6 29. Nf3 Ne7 30. Nd4 Bb7 31. Qf6 Rxc3 32. Rcxc3 Rxc3 33. Rxc3 Qxd4 34. Rc1 Qb2 35. Rg1 Kf8 36. Bxg6 Nxg6 37. Qd8+ Kg7 38. Qf6+ Kg8 39. Qd8+ Kg7 1/2-1/2

[Event "ESP-ch U18"]
[Site "Salobrena"]
[Date "2015.07.27"]
[Round "1"]
[White "Bernal Gomez, Alejandro"]
[Black "Gonzalez Benavides, Maria del Pilar"]
[Result "1/2-1/2"]
[WhiteElo "2044"]
[BlackElo "1673"]
[PlyCount "112"]
[EventDate "2015.07.27"]
[EventType "swiss"]
[EventRounds "9"]
[EventCountry "ESP"]
[SourceTitle "EXT 2016"]
[Source "ChessBase"]
[SourceDate "2015.10.08"]
[SourceVersion "1"]
[SourceVersionDate "2015.10.08"]
[SourceQuality "1"]

1. Nf3 d5 2. c4 Nf6 3. g3 Bf5 4. Qb3 b6 5. Bg2 e6 6. Nc3 c6 7. d4 Bd6 8. Nh4 Be4 9. Nxe4 Nxe4 10. Bxe4 dxe4 11. Qe3 Bb4+ 12. Bd2 Bxd2+ 13. Qxd2 Nd7 14. 0-0 0-0 15. Rad1 Nf6 16. Qc3 Qe7 17. Ng2 Rfd8 18. Ne3 Rac8 19. Rd2 Qb7 20. Rfd1 a5 21. b4 a4 22. Rc1 Rd7 23. Nd1 Rcd8 24. Rcc2 h6 25. Qe3 b5 26. a3 Qa7 27. c5 Rd5 28. Nc3 Rf5 29. Nxe4 Ng4 30. Qc3 Rh5 31. h4 Qe7 32. Qf3 f5 33. Nd6 g5 34. Nxf5 exf5 35. Qxf5 Qf7 36. Qxg4 Rf8 37. e4 Kh8 38. hxg5 Rxg5 39. Qh4 Rh5 40. Qf4 Qg7 41. Qd6 Rf3 42. Qb8+ Kh7 43. Kg2 Rxa3 44. f3 Ra1 45. Qf4 Rhh1 46. Qf5+ Kh8 47. Qc8+ Kh7 48. Qf5+ Kh8 49. Qg4 Rhg1+ 50. Kf2 Raf1+ 51. Ke2 Re1+ 52. Kf2 Ref1+ 53. Ke3 Qxg4 54. fxg4 Rxg3+ 55. Ke2 Rf4 56. e5 Kg7 1/2-1/2

[Event "Navarra-ch"]
[Site "Pamplona"]
[Date "2014.03.29"]
[Round "1"]
[White "Bernal Gomez, Alejandro"]
[Black "Ruiz Anton, Adolfo"]
[Result "1-0"]
[WhiteElo "1978"]
[BlackElo "1633"]
[PlyCount "97"]
[EventDate "2014.03.29"]
[EventType "swiss"]
[EventRounds "8"]
[EventCountry "ESP"]
[SourceTitle "EXT 2016"]
[Source "ChessBase"]
[SourceDate "2015.10.08"]
[SourceVersion "1"]
[SourceVersionDate "2015.10.08"]
[SourceQuality "1"]

1. Nf3 d5 2. c4 e6 3. g3 Nf6 4. Bg2 Nbd7 5. b3 g6 6. Bb2 c6 7. 0-0 Bg7 8. d3 0-0 9. Nbd2 Re8 10. Rc1 Ne4 11. Bxg7 Nxd2 12. Qxd2 Kxg7 13. cxd5 exd5 14. d4 Nf6 15. Ne5 Ne4 16. Qb2 f6 17. Nd3 Nd6 18. Nc5 Bf5 19. e3 Qc8 20. Rfe1 Re7 21. Qa3 Nb5 22. Qa4 Qe8 23. Qb4 a5 24. Qd2 Nd6 25. Na4 Be4 26. f3 Bf5 27. Nc5 g5 28. g4 Bg6 29. Re2 h5 30. h3 h4 31. Rce1 b6 32. Na4 Qd8 33. e4 dxe4 34. fxe4 Qc7 35. e5 fxe5 36. Qxg5 b5 37. dxe5 Qa7+ 38. Kh1 Nf7 39. Qf6+ Kh7 40. Qxh4+ Kg7 41. Qf6+ Kh7 42. Nc3 Nh6 43. Ne4 Rg7 44. Ng5+ Kg8 45. Ne6 Nxg4 46. Qh4 Bd3 47. Rd2 Re8 48. Nxg7 Rf8 49. Qxg4 1-0

[Event "ESP-chT U16"]
[Site "Benidorm"]
[Date "2012.12.06"]
[Round "1"]
[White "Nieves Cabanes, Javier"]
[Black "Bernal Gomez, Alejandro"]
[Result "1-0"]
[WhiteElo "2036"]
[BlackElo "1878"]
[PlyCount "59"]
[EventDate "2012.12.06"]
[EventType "team-swiss"]
[EventRounds "6"]
[EventCountry "ESP"]
[SourceTitle "EXT 2022"]
[Source "ChessBase"]
[SourceDate "2021.10.06"]
[SourceVersion "1"]
[SourceVersionDate "2021.10.06"]
[SourceQuality "1"]
[WhiteTeam "Manises Eva"]
[BlackTeam "Santa Ana Siglo 21"]
[WhiteTeamCountry "ESP"]
[BlackTeamCountry "ESP"]

1. d4 Nf6 2. c4 e6 3. Nc3 Bb4 4. e3 c5 5. Bd3 Nc6 6. Nf3 Bxc3+ 7. bxc3 b6 8. e4 d6 9. Bf4 Qc7 10. Bxd6 Qxd6 11. e5 Qe7 12. exf6 Qxf6 13. Be4 Bd7 14. Ne5 Nxe5 15. Bxa8 Nc6 16. 0-0 0-0 17. Bxc6 Bxc6 18. Qd3 Rd8 19. Rfd1 Ba4 20. Rd2 Qg5 21. Qe3 Qf5 22. dxc5 Rxd2 23. Qxd2 Qxc5 24. Qd4 Qc7 25. c5 Bc6 26. Rd1 h6 27. Qd8+ Qxd8 28. Rxd8+ Kh7 29. Rd6 Bd5 30. Rxd5 1-0

[Event "Huarte Puente Foral op-B 5th"]
[Site "Huarte"]
[Date "2010.12.03"]
[Round "1"]
[White "Virto Alustiza, Aingeru"]
[Black "Bernal Gomez, Alejandro"]
[Result "1-0"]
[WhiteElo "1882"]
[BlackElo "1684"]
[PlyCount "99"]
[EventDate "2010.12.03"]
[EventType "swiss"]
[EventRounds "7"]
[EventCountry "ESP"]
[SourceTitle "EXT 2016"]
[Source "ChessBase"]
[SourceDate "2015.10.08"]
[SourceVersion "1"]
[SourceVersionDate "2015.10.08"]
[SourceQuality "1"]

1. e4 c5 2. Nf3 Nc6 3. Be2 g6 4. 0-0 Bg7 5. c3 d5 6. e5 Nxe5 7. Qb3 Nc6 8. d3 Nf6 9. Bg5 0-0 10. Na3 b6 11. Nc2 Be6 12. Qa4 Qc7 13. Ne3 Rfd8 14. Qh4 d4 15. Nc2 dxc3 16. bxc3 Nd5 17. c4 Nc3 18. Rae1 Nxe2+ 19. Rxe2 Rxd3 20. Bh6 Bxh6 21. Qxh6 Rxf3 22. gxf3 Bxc4 23. Re4 Bxf1 24. Rh4 e6 25. Qxh7+ Kf8 26. Qh8+ Ke7 27. Qxa8 Bd3 28. Ne3 Ne5 29. Rh8 Bb5 30. Ng4 Nxg4 31. fxg4 Qd7 32. Qf8+ Kf6 33. Qd8+ Qxd8 34. Rxd8 Bc4 35. a3 Ke7 36. Ra8 a6 37. f4 Bb5 38. Kf2 c4 39. Ke3 Kd6 40. Kd4 f6 41. Rd8+ Bd7 42. Kxc4 e5 43. fxe5+ fxe5 44. g5 Ke6 45. Rf8 Bc6 46. Rf6+ Kd7 47. Rxg6 Be4 48. Rxb6 Bf3 49. Rf6 Bh5 50. Kd5 1-0